Line up order Quiz Stats

 Plays Quiz not verified by Sporcle

Challenge
Share
Tweet
Embed
Score 0/23 Timer 02:00
0 Plays Today
% Correct
Joe Klein
100%
Colin Madock
90.5%
Mike Bandurski
90.5%
Stevan Arandjelovic
90.5%
Damir Babic
90.5%
Zach Beard
90.5%
Joey Haughton
81%
Kyle Billman
81%
Hunter Case
76.2%
Ronnie Fowlkes
76.2%
George Hemp
76.2%
Jordan Knox
71.4%
% Correct
Nick Luz
71.4%
Sam Riley
71.4%
Brendan Ryan
71.4%
John Ryan
71.4%
Jon Mitchell
66.7%
Nick Schaefer
66.7%
Trent Tiester
66.7%
Kenta Shimizu
61.9%
Dennis Uzer
52.4%
Matt Walker
52.4%
Robin Warren
33.3%

You're not logged in!

Compare scores with friends on all Sporcle quizzes.
OR
Log In

You Might Also Like...

Show Comments

Extras

Created Mar 8, 2011ReportNominate
Tags:order

Top Quizzes Today


Score Distribution

Your Account Isn't Verified!

In order to create a playlist on Sporcle, you need to verify the email address you used during registration. Go to your Sporcle Settings to finish the process.

Report this User

Report this user for behavior that violates our Community Guidelines.

Details: